| 000 | 00412nam a2200157Ia 4500 | ||
|---|---|---|---|
| 003 | IQ-KOUCL | ||
| 041 | _aKurdish | ||
| 082 | _a210,072 cut-824 م | ||
| 100 | _a20260118u\\\\\\\\\\\y0engy0103\\\\ba | ||
| 100 | _aمەلا عبدالکریمى مدرس | ||
| 245 | 0 | _aنوورى ئیسلام | |
| 250 | _aچ1 | ||
| 260 |
_bچاپخانەیى الحوادث _aبەغدا _c1988 |
||
| 300 | _a167 | ||
| 942 | _cBk | ||
| 999 |
_c187282 _d187282 |
||